000 00980cam a22002891 4500
999 _c10129
_d10129
001 10129
003 BD-JhCC
005 20180418132340.0
008 180417s1964 enk d 000 0 eng
035 _a(BD-JhCC)10129
035 _a(OCoLC)318481
040 _aDLC
_cODaWU
_dOCoLC
_dDLC
_dBD-JhCC
041 _aeng
050 0 0 _aPE1628
_b.F6 1964
082 _a423
_bFOW 1964
100 1 _aFowler, H. W.
_q(Henry Watson),
_d1858-1933.
245 1 4 _aThe concise Oxford dictionary of current English /
_cedited by H. W. Fowler and F. G. Fowler. Based on the Oxford dictionary.
250 _a5th ed.,
260 _aOxford :
_bClarendon Press,
_c1964.
300 _axvi, 1566 p.
_c19 cm.
650 0 _aEnglish language
_vDictionaries.
700 1 _aFowler, F. G.
_q(Francis George),
_d1870-1918,
700 1 _aMurray, James Augustus Henry,
_cSir,
_d1837-1915,
_tA new English dictionary.
740 0 _aOxford dictionary.
942 _2ddc
_cBK